000
00220nam a2200097Ia 4500
008
190216s9999||||xx |||||||||||||| ||und||
100
_a
Standard Allen
245
2
_a
A Living English Shelter
260
_b
Null
942
_c
BK
999
_c
11600
_d
11600